El corazón desbordado : (Record no. 8103)
[ view plain ]
| 000 -LEADER | |
|---|---|
| campo de control de longitud fija | 01784nam a2200325 i 4500 |
| 001 - NÚMERO DE CONTROL | |
| campo de control | 8103 |
| 003 - IDENTIFICADOR DE NÚMERO DE CONTROL | |
| campo de control | ES-MaACL |
| 005 - FECHA Y HORA DE LA ÚLTIMA TRANSACCIÓN | |
| campo de control | 20250906063032.0 |
| 007 - CAMPO FIJO DE DESCRIPCIÓN FÍSICA--INFORMACIÓN GENERAL | |
| campo de control de longitud fija | t| |
| 008 - DATOS DE LONGITUD FIJA--INFORMACIÓN GENERAL | |
| campo de control de longitud fija | 911214e1989 sp a||||r 0011idspa |
| 017 ## - NÚMERO DE COPYRIGHT O DE DEPÓSITO LEGAL | |
| Número de copyright o de depósito legal | Z 2530-1989 |
| Agencia que asigna | Oficina Depósito Legal Zaragoza |
| 020 ## - NÚMERO INTERNACIONAL ESTÁNDAR DEL LIBRO | |
| Número Internacional Estándar del Libro | 84-85815-19-X |
| 040 ## - FUENTE DE CATALOGACIÓN | |
| Centro catalogador/agencia de origen | SpMaBN |
| Lengua de catalogación | spa |
| Centro/agencia transcriptor | ES-MaACL |
| 080 ## - NÚMERO DE LA CLASIFICACIÓN DECIMAL UNIVERSAL | |
| Número de la Clasificación Decimal Universal | 929 Gómez, Julio Antonio (044.2) |
| 100 1# - ENTRADA PRINCIPAL--NOMBRE DE PERSONA | |
| Nombre de persona | Gómez, Julio Antonio, |
| Fechas asociadas al nombre | 1933-1988 |
| Término indicativo de función/relación | Autor |
| 9 (RLIN) | 57779 |
| 245 13 - MENCIÓN DEL TÍTULO | |
| Título | El corazón desbordado : |
| Resto del título | (epistolario) / |
| Mención de responsabilidad, etc. | Julio Antonio Gómez ; edición de Antón Castro |
| 250 ## - MENCION DE EDICION | |
| Mención de edición | 1ª ed. |
| 260 ## - PUBLICACIÓN, DISTRIBUCIÓN, ETC. | |
| Lugar de publicación, distribución, etc. | Zaragoza : |
| Nombre del editor, distribuidor, etc. | Olifante, |
| Fecha de publicación, distribución, etc. | [1989] |
| 300 ## - DESCRIPCIÓN FÍSICA | |
| Extensión | 111 páginas : |
| Otras características físicas | ilustraciones ; |
| Dimensiones | 21 cm |
| 490 1# - MENCIÓN DE SERIE | |
| Mención de serie | Olifante (Serie) |
| 520 ## - RESUMEN, ETC. | |
| Sumario, etc. | Bajo el título "El corazón desbordado" Antón Castro preparó la edición del epistolario de Julio Antonio Gómez. Las cartas y postales que se congregan en este volumen están dirigidas a varios de sus mejores amigos. Sería difícil encontrar un personaje en la historia de la poesía aragonesa de este siglo con tanta leyenda a sus espaldas, con tanto perfume de extravagancia, de humor socarrón y porte atrabiliario. Julio Antonio Gómez creó la revista "Orejudín" y la editorial Javalambre, con la colección de poesía Fuendetodos. Ha sido, por vocación y por destino, un espectáculo, hacia afuera, claro, en la intimidad era un ciudadano dolorido, con el corazón ajado por la soledad |
| 600 10 - PUNTO DE ACCESO ADICIONAL DE MATERIA--NOMBRE DE PERSONA | |
| Nombre de persona | Gómez, Julio Antonio, |
| Fechas asociadas al nombre | 1933-1988- |
| Subdivisión de forma | Correspondencia |
| 9 (RLIN) | 242222 |
| 655 #4 - TERMINO DE INDIZACIÓN--GENERO/FORMA | |
| Datos o término principal de género/forma | Cartas |
| 9 (RLIN) | 235124 |
| 700 1# - ENTRADA AGREGADA--NOMBRE PERSONAL | |
| Nombre de persona | Castro, Antón, |
| Fechas asociadas al nombre | 1959- |
| Término indicativo de función/relación | Editor literario |
| 9 (RLIN) | 36832 |
| 830 #0 - PUNTO DE ACCESO ADICIONAL DE SERIE-TÍTULO UNIFORME | |
| Título uniforme | Olifante (Serie) |
| 9 (RLIN) | 178046 |
| 852 4# - LOCALIZACIÓN | |
| Ubicación | ES-MaACL |
| Sublocalización o colección | R.119941 |
| Ubicación en estantería | Depósito 2 |
| Número de control de estantería | L-15541 |
| 942 ## - ELEMENTOS DE ENTRADA SECUNDARIOS (KOHA) | |
| Tipo de ítem Koha | Libro impreso |
| Suprimir en OPAC | No |
| Estatus retirado | Estado de pérdida | Estado de daño | No para préstamo | Biblioteca de origen | Biblioteca actual | Ubicación en estantería | Fecha de adquisición | Fuente de adquisición | Total de préstamos | Signatura topográfica completa | Código de barras | Visto por última vez | Precio de reemplazo | Tipo de ítem Koha |
|---|---|---|---|---|---|---|---|---|---|---|---|---|---|---|
| Biblioteca del Ateneo de Madrid | Biblioteca del Ateneo de Madrid | Depósito 2 | 17/01/2008 | L-15541 | 1008263 | 23/02/2023 | 23/02/2023 | Libro impreso |
